Italy in the Nineteenth Century - Statistics

General Stats
  • This quiz has been taken 73 times
  • The average score is 4 of 7
Answer Stats
Capital Answer % Correct
Napoli Two {Sicilies}
93%
Roma {Papal} States
82%
Firenze Tuscany
69%
Torino Sardinia
60%
Modena Modena
57%
Parma Parma
55%
Milano & Venezia {Lombardy}-{Venetia}
25%
No matching quizzes found
Score Distribution
Percent of People with Each Score
Percentile by Number Answered
Your Score History
You have not taken this quiz